Statistics for Best Pictures Nominees

Click here to take the quiz!

General Stats

  • This quiz has been taken 5,651 times
    (5,642 since last reset)
  • The average score is 217 of 493

Answer Stats

YearFilm% Correct
1972The Godfather
88%
2016Moonlight
86%
2019Parasite
85%
2016La La Land
83%
1997Titanic
83%
1994Forrest Gump
82%
2000Gladiator
79%
1993Schindler's List
79%
2017The Shape of Water
79%
2012Argo
78%
2015Spotlight
78%
2011The Artist
78%
1974The Godfather Part II
78%
1999American Beauty
77%
1939Gone with the Wind
77%
2018Green Book
77%
1998Shakespeare in Love
77%
201312 Years a Slave
76%
2005Crash
76%
1990GoodFellas
76%
2007No Country for Old Men
76%
1994Pulp Fiction
76%
2006The Departed
76%
2009The Hurt Locker
76%
1991The Silence of the Lambs
76%
1943Casablanca
75%
1990Dances with Wolves
75%
2010The King's Speech
75%
1965The Sound of Music
75%
1979Kramer vs. Kramer
74%
1976Rocky
74%
1998Saving Private Ryan
74%
2009Avatar
73%
2002Chicago
73%
1989Driving Miss Daisy
73%
2004Million Dollar Baby
73%
1986Platoon
73%
1977Star Wars
73%
2003The Lord of the Rings: The Return of the King
73%
1975One Flew Over the Cuckoo's Nest
72%
1977Annie Hall
71%
1995Braveheart
71%
2018Roma
71%
1992Unforgiven
71%
2001A Beautiful Mind
70%
2008Slumdog Millionaire
70%
1976Taxi Driver
70%
1996The English Patient
70%
2007There Will Be Blood
70%
1961West Side Story
70%
1984Amadeus
69%
2005Brokeback Mountain
69%
1959Ben-Hur
68%
2012Django Unchained
68%
1996Fargo
68%
1982Gandhi
68%
1988Rain Man
68%
1978The Deer Hunter
68%
2015The Revenant
68%
2009Up
68%
1997Good Will Hunting
67%
2012Lincoln
67%
2002The Lord of the Rings: The Two Towers
67%
1994The Shawshank Redemption
67%
1969Z
67%
1962Lawrence of Arabia
66%
1954On the Waterfront
66%
1985Out of Africa
66%
1980Raging Bull
66%
2001The Lord of the Rings: The Fellowship of the Ring
66%
1975Jaws
65%
1970Patton
65%
1971The French Connection
65%
1948Hamlet
64%
1990The Godfather Part III
64%
1979Apocalypse Now
63%
1981Chariots of Fire
63%
2013Gravity
63%
2010Inception
63%
1964My Fair Lady
63%
1983Terms of Endearment
63%
2004The Aviator
63%
2002The Pianist
63%
2013The Wolf of Wall Street
63%
1950All About Eve
62%
1991Beauty and the Beast
62%
1941Citizen Kane
62%
1987The Last Emperor
62%
2013American Hustle
61%
1969Midnight Cowboy
61%
2008Milk
61%
1980Ordinary People
61%
1960The Apartment
61%
1973The Sting
61%
2010Toy Story 3
61%
1937 | 2018A Star Is Born
60%
2014Birdman or (The Unexpected Virtue of Ignorance)
60%
2019Joker
60%
2019Little Women
60%
1976Network
60%
1968Oliver!
60%
2019Once Upon a Time in Hollywood
60%
1939The Wizard of Oz
60%
2010True Grit
60%
20191917
59%
1997As Good as It Gets
59%
2010Black Swan
59%
1957The Bridge on the River Kwai
59%
1999The Green Mile
59%
1967In the Heat of the Night
58%
2012Les Misérables
58%
1940Rebecca
58%
2012Silver Linings Playbook
58%
2002The Hours
58%
2016Manchester by the Sea
57%
2003Mystic River
57%
2009The Blind Side
57%
2006The Queen
57%
2008The Reader
57%
1995Babe
56%
2018Black Panther
56%
1972Cabaret
56%
1958Gigi
56%
1991JFK
56%
2017Lady Bird
56%
2015Room
56%
2019The Irishman
56%
1993The Piano
56%
2009Up in the Air
56%
2014American Sniper
55%
2017Dunkirk
55%
2002Gangs of New York
55%
2009Inglourious Basterds
55%
1998Life Is Beautiful
55%
1981Raiders of the Lost Ark
55%
2014The Grand Budapest Hotel
55%
1962To Kill a Mockingbird
55%
2000Traffic
55%
2000Erin Brockovich
54%
2012Life of Pi
54%
1955Marty
54%
1985The Color Purple
54%
2010The Fighter
54%
1967The Graduate
54%
2011The Help
54%
2015The Martian
54%
195712 Angry Men
53%
1951An American in Paris
53%
2018Bohemian Rhapsody
53%
1953From Here to Eternity
53%
2013Her
53%
1941How Green Was My Valley
53%
1964Mary Poppins
53%
1942Mrs. Miniver
53%
1976All the President's Men
52%
1951A Streetcar Named Desire
52%
2014Boyhood
52%
2005Capote
52%
1974Chinatown
52%
2013Dallas Buyers Club
52%
2016Fences
52%
2017Get Out
52%
1952Moulin Rouge
52%
2001Moulin Rouge!
52%
1989My Left Foot
52%
1981On Golden Pond
52%
1995Sense and Sensibility
52%
1973The Exorcist
52%
2017The Post
52%
2014The Theory of Everything
52%
1982Tootsie
52%
2012Zero Dark Thirty
52%
1956Around the World in 80 Days
51%
1998Elizabeth
51%
2016Hidden Figures
51%
2007Juno
51%
2016Lion
51%
2007Michael Clayton
51%
1987Moonstruck
51%
2010The Social Network
51%
2014Whiplash
51%
1989Born on the Fourth of July
50%
1968Funny Girl
50%
1990Ghost
50%
2016Hacksaw Ridge
50%
2019Marriage Story
50%
2008The Curious Case of Benjamin Button
50%
1952The Greatest Show on Earth
50%
1949All the King's Men
49%
1966A Man for All Seasons
49%
2016Arrival
49%
2006Babel
49%
1963Cleopatra
49%
1967Guess Who's Coming to Dinner
49%
1996Jerry Maguire
49%
2004Ray
49%
2018The Favourite
49%
2017Three Billboards Outside Ebbing, Missouri
49%
2007Atonement
48%
1967Bonnie and Clyde
48%
2015Brooklyn
48%
1969Butch Cassidy and the Sundance Kid
48%
2000Crouching Tiger, Hidden Dragon
48%
2003Lost in Translation
48%
1946The Best Years of Our Lives
48%
1999The Sixth Sense
48%
2012Amour
47%
2018BlacKkKlansman
47%
2015Bridge of Spies
47%
2017Darkest Hour
47%
1986Hannah and Her Sisters
47%
1992Howards End
47%
1946It's a Wonderful Life
47%
2011Midnight in Paris
47%
2011Moneyball
47%
1953Roman Holiday
47%
2014Selma
47%
1993The Fugitive
47%
2011War Horse
47%
1995Apollo 13
46%
2015Mad Max: Fury Road
46%
2013Nebraska
46%
1981Reds
46%
2015The Big Short
46%
2014The Imitation Game
46%
1963Tom Jones
46%
1971A Clockwork Orange
45%
2013Captain Phillips
45%
1982E.T. the Extra-Terrestrial
45%
2008Frost/Nixon
45%
2011Hugo
45%
2019Jojo Rabbit
45%
1997L.A. Confidential
45%
1939Mr. Smith Goes to Washington
45%
2005Munich
45%
2017Phantom Thread
45%
2009Precious
45%
1950Sunset Boulevard
45%
2011The Descendants
45%
1956The King and I
45%
1998The Thin Red Line
45%
2018Vice
45%
1966Who's Afraid of Virginia Woolf?
45%
1975Barry Lyndon
44%
2017Call Me by Your Name
44%
2000Chocolat
44%
1965Doctor Zhivago
44%
2006Little Miss Sunshine
44%
1970Love Story
44%
1968Romeo and Juliet
44%
1992Scent of a Woman
44%
1999The Cider House Rules
44%
1993The Remains of the Day
44%
1992A Few Good Men
43%
1989Dead Poets Society
43%
2001Gosford Park
43%
2016Hell or High Water
43%
1970M*A*S*H
43%
1996Shine
43%
1940The Philadelphia Story
43%
2010127 Hours
42%
1973American Graffiti
42%
1978Coming Home
42%
1975Dog Day Afternoon
42%
1994Four Weddings and a Funeral
42%
1952High Noon
42%
2013Philomena
42%
1940The Grapes of Wrath
42%
1971The Last Picture Show
42%
1937The Life of Emile Zola
42%
1945The Lost Weekend
42%
1941The Maltese Falcon
42%
1985Witness
42%
1938You Can't Take It with You
42%
1944Going My Way
41%
1993In the Name of the Father
41%
2006Letters from Iwo Jima
41%
1979Norma Rae
41%
1994Quiz Show
41%
1980The Elephant Man
41%
1970Airport
40%
1984A Passage to India
40%
1986A Room with a View
40%
1947Gentleman's Agreement
40%
1962Mutiny on the Bounty
40%
1975Nashville
40%
2004Sideways
40%
1974The Conversation
40%
1968The Lion in Winter
40%
1956The Ten Commandments
40%
2011The Tree of Life
40%
1987Fatal Attraction
39%
1971Fiddler on the Roof
39%
1989Field of Dreams
39%
2019Ford vs Ferrari
39%
1956Giant
39%
2001In the Bedroom
39%
2003Seabiscuit
39%
1979All That Jazz
38%
2009A Serious Man
38%
2005Good Night, and Good Luck
38%
2010The Kids Are All Right
38%
1988Working Girl
38%
2012Beasts of the Southern Wild
37%
1980Coal Miner's Daughter
37%
1988Dangerous Liaisons
37%
1972Deliverance
37%
1964Dr. Strangelove or: How I Learned to Stop Worrying and Love the Bomb
37%
2011Extremely Loud & Incredibly Close
37%
1969Hello, Dolly!
37%
1946Henry V
37%
1945Mildred Pierce
37%
1997The Full Monty
37%
1974The Towering Inferno
37%
1958Cat on a Hot Tin Roof
36%
1963Lilies of the Field
36%
1983Tender Mercies
36%
1999The Insider
36%
1984The Killing Fields
36%
1960Elmer Gantry
35%
2004Finding Neverland
35%
1970Five Easy Pieces
35%
1938Jezebel
35%
1961Judgment at Nuremberg
35%
1977Julia
35%
1984Places in the Heart
35%
1983The Big Chill
35%
1991The Prince of Tides
35%
1948The Treasure of the Sierra Madre
35%
2010Winter's Bone
35%
1990Awakenings
34%
1991Bugsy
34%
1965Darling
34%
1988Mississippi Burning
34%
1961The Hustler
34%
1942Yankee Doodle Dandy
34%
1964Zorba the Greek
34%
2009An Education
33%
1969Anne of the Thousand Days
33%
1951A Place in the Sun
33%
1943 | 1978Heaven Can Wait
33%
1974Lenny
33%
2003Master and Commander: The Far Side of the World
33%
1978Midnight Express
33%
1939Stagecoach
33%
1977The Goodbye Girl
33%
1977The Turning Point
33%
1966Alfie
32%
1987Broadcast News
32%
1986Children of a Lesser God
32%
1944Gaslight
32%
1995Il Postino: The Postman
32%
1985Kiss of the Spider Woman
32%
1980Tess
32%
1959The Diary of Anne Frank
32%
1962The Music Man
32%
1982Missing
31%
1971Nicholas and Alexandra
31%
1996Secrets & Lies
31%
1953Shane
31%
1992The Crying Game
31%
1940The Great Dictator
31%
1982The Verdict
31%
1964Becket
30%
2009District 9
30%
1961Fanny
30%
1947Great Expectations
30%
1985Prizzi's Honor
30%
1954The Country Girl
30%
1950Born Yesterday
29%
1979Breaking Away
29%
1944Double Indemnity
29%
1963How the West Was Won
29%
1939Of Mice and Men
29%
1968Rachel, Rachel
29%
1972Sounder
29%
1983The Right Stuff
29%
1957Witness for the Prosecution
29%
1959Room at the Top
28%
1957Sayonara
28%
1945The Bells of St. Mary's
28%
1966The Russians Are Coming, the Russians Are Coming
28%
1939Wuthering Heights
28%
1938Boys Town
27%
1939Goodbye, Mr. Chips
27%
1953Julius Caesar
27%
1951Quo Vadis
27%
1988The Accidental Tourist
27%
1958The Defiant Ones
27%
1949The Heiress
27%
1948The Red Shoes
27%
1955The Rose Tattoo
27%
1966The Sand Pebbles
27%
1967Doctor Dolittle
26%
1987Hope and Glory
26%
1955Mister Roberts
26%
1958Separate Tables
26%
1941Suspicion
26%
1983The Dresser
26%
1986The Mission
26%
1963America America
25%
1984A Soldier's Story
25%
1940Kitty Foyle
25%
1938Pygmalion
25%
1972The Emigrants
25%
1959The Nun's Story
25%
1942The Pride of the Yankees
25%
1943The Song of Bernadette
25%
1978An Unmarried Woman
24%
1947Miracle on 34th Street
24%
1961The Guns of Navarone
24%
1962The Longest Day
24%
1952The Quiet Man
24%
1953The Robe
24%
1960The Sundowners
24%
1958Auntie Mame
23%
1937Captains Courageous
23%
1973Cries and Whispers
23%
1950Father of the Bride
23%
1943For Whom the Bell Tolls
23%
1939Love Affair
23%
1939Ninotchka
23%
1940Our Town
23%
1941Sergeant York
23%
1940The Letter
23%
1941The Little Foxes
23%
1949A Letter to Three Wives
22%
1973A Touch of Class
22%
1954The Caine Mutiny
22%
1937The Good Earth
22%
1954Three Coins in the Fountain
22%
1981Atlantic City
21%
1948Johnny Belinda
21%
1937Lost Horizon
21%
1957Peyton Place
21%
1955Picnic
21%
1946The Yearling
21%
1944Wilson
21%
1959Anatomy of a Murder
20%
1945Anchors Aweigh
20%
1965Ship of Fools
20%
1945Spellbound
20%
1960The Alamo
20%
1938The Citadel
20%
1942The Magnificent Ambersons
20%
1943Watch on the Rhine
20%
1976Bound for Glory
19%
1955Love Is a Many-Splendored Thing
19%
1938The Adventures of Robin Hood
19%
1947The Bishop's Wife
19%
1965A Thousand Clowns
18%
1939Dark Victory
18%
1943In Which We Serve
18%
1952Ivanhoe
18%
1960Sons and Lovers
18%
1947Crossfire
17%
1954Seven Brides for Seven Brothers
17%
1938Four Daughters
16%
1956Friendly Persuasion
16%
1938Grand Illusion
16%
1941Here Comes Mr. Jordan
16%
1950King Solomon's Mines
16%
1943Madame Curie
16%
1937One Hundred Men and a Girl
16%
1951Decision Before Dawn
15%
1942Random Harvest
15%
1937Stage Door
15%
1937The Awful Truth
15%
1938Alexander's Ragtime Band
14%
1940All This, and Heaven Too
14%
1942Kings Row
14%
1941One Foot in Heaven
14%
1938Test Pilot
14%
1943The Human Comedy
14%
1940The Long Voyage Home
14%
1942The Pied Piper
14%
1946The Razor's Edge
14%
1949Twelve O'Clock High
14%
1949Battleground
13%
1941Blossoms in the Dust
13%
1937Dead End
13%
1940Foreign Correspondent
13%
1937In Old Chicago
13%
1942The Invaders
13%
1943The More the Merrier
13%
1948The Snake Pit
13%
1942Wake Island
13%
1941Hold Back the Dawn
12%
1944Since You Went Away
12%
1943The Ox-bow Incident
12%
1942The Talk of the Town
12%

Score Distribution

Percentile by Number Answered

Percent of People with Each Score

Your Score History

You have not taken this quiz since the last reset